Представление документа в формате MARC21

ПолеНазваниеЗначение
  Тип записи a
  Библиографический уровень m
001 Контрольный номер BIBLIOCLUB\0000471847
005 Дата корректировки 20230117154127.1
006 m o d
007 Элементы данных для физической характеристики c|||||||||||||
008 Кодируемые данные s2021 rus o rus d
041 Код языка издания 0_
a Код языка текста rus
084 Индекс другой классификации/Индекс ББК __
a Индекс другой классификации/Индекс ББК 31.19я73
b Номер единицы LBC/PL
2 Источник индекса rubbk
100 Автор 1_
a Автор Пиркин А. Г.
245 Заглавие 10
a Заглавие Теоретические основы системного анализа энергообеспечения предприятий: учебное пособие для обучающихся по направлению подготовки 35.04.06 Агроинженерия
b Продолж. заглавия учебное пособие
c Ответственность А. Г. Пиркин
260 Выходные данные __
a Место издания Санкт-Петербург
b Издательство Санкт-Петербургский государственный аграрный университет (СПбГАУ)
c Дата издания 2021
300 Физическое описание __
a Объем 92 с.
b Иллюстрации/ тип воспроизводства схем., табл.
504 Библиография __
a Библиография Библиогр.: с. 91-92.
653 Ключевые слова 1_
a Ключевые слова Учебник для высшей школы
856 Электронный адрес документа 40
3 Область применения данных поля Университетская библиотека ONLINE
u URL https://biblioclub.ru/index.php?page=book&id=471847
952 Тип литературы __
c Вид литературы учебное пособие